000 00504nam a2200193 a 4500
001 1770111162724
003 YourLibrary
005 20260203155518.0
008 260203s2000##################000#0#eng##
020 _a9780691048680
082 0 4 _a305.420
_bGAL
100 1 _aGal, Susan,
_eauthor.
245 1 0 _aReproducing Gender :
260 _bPrinceton University Press,
_c2000.
300 _a453 pages
650 0 _aPolitical Science.
942 _cENGLISH
040 _aYourLibrary
_beng
_cYourLibrary
999 _c610032
_d610032